000 00763cam a2200241 4500
008 090401t1996 xxu||||| |||| 00| 0 eng d
020 _a0582273242
035 _a(Sirsi) u51334
041 _aeng
050 _a692.50285
100 _aSher, William
245 _aComputer-aided estimating practice.
260 _aHarlow
_bAddison Wesley Longman
_c1996
300 _axv,109p. ; 23cm.
350 _a12.99
520 _aA guide to the practical issues of preparing estimates with PC based computer-aided estimating systems. Published in association with the CIOB.
650 _aBILLS OF QUANTITIES
650 _aCOMPUTER-AIDED ESTIMATING
650 _aCOMPUTERS
690 _aBUILDING AND CONSTRUCTION-COMPUTERS
942 _n0
948 _c04/03/1997
999 _c92872
_d92872